000 00480nam a2200145 4500
999 _c10405
_d10405
008 180828b ||||| |||| 00| 0 eng d
022 _a2094-8042
082 _aDPer 370.105 M72 Jan-Dec 2011 v59-60
100 _930572
_aDollente, Saturnino Tamayo
245 _aThe birds know/
_cSaturnino Tamayo Dollente.
260 _aPhilippines:
_bIn the Grade School, Inc.,
_cc2011.
300 _av60 n2, page 77:
_billustrations;
_c27cm.
650 0 _930573
_aPoetry.
942 _2ddc
_cPER